000
00270nam a22001097a 4500
020
_a
9789945645217
100
1
_a
Grullón Estrella, José
_9
87397
245
1
_a
Valores para la vida
250
_a
2da. Edición.
264
_a
Santo Domingo :
_c
2023.
300
_a
65 página ;
999
_c
58681
_d
58681